000 01171cam a22002294a 4500
005 20250605164057.0
008 250528s ||||||||||||||||||||||||d
035 _a17512
020 _a70229619
040 _aGR-AtMCL
_bgre
_dGR-AtMCL
_eAACR2
245 1 _aAn Introduction to Health Psychology / Third Edition
250 _a3rd
260 _bMcgraw Hill,
_c1997
300 _a498
520 _aForeword, Preface, Overview of Health Psychology, Physiological Bases of Behavior and Health, Stress, Control and Learned Helplessness, Cardiovascular Disorders and Behavior, Psychoneuroimmunilogy and Cancer and AIDS, Psychophysiological Disorders: Psychological Factors Affecting Medical Conditions, Health Care and Patient Behavior, Psychological Assessment in Medical Settings, Cognitive-Behavioral Treatment Techniques in Medical Settings, Pain and Pain Management, Apetitive and Addictive Behaviors: Obesity and Smoking and Alcoholism, Prevention and Health Promotion, References, Glossary, Index.
700 1 _aBaum Andrew
_9424
700 1 _aGatchel Robert J
_93653
700 1 _aKrantz David S
_93654
942 _cBK
999 _c2920
_d2920